MARC details
| 000 -LEADER |
| campo de control de longitud fija |
01433cam a2200397Ka 4500 |
| 001 - NÚMERO DE CONTROL |
| campo de control |
99806 |
| 005 - FECHA Y HORA DE LA ÚLTIMA TRANSACCIÓN |
| campo de control |
20230410130730.0 |
| 006 - CÓDIGOS DE INFORMACIÓN DE LONGITUD FIJA--CARACTERÍSTICAS DEL MATERIAL ADICIONAL |
| campo de control de longitud fija |
m d |
| 007 - CAMPO FIJO DE DESCRIPCIÓN FÍSICA--INFORMACIÓN GENERAL |
| campo de control de longitud fija |
cr un||||a|a|| |
| 008 - DATOS DE LONGITUD FIJA--INFORMACIÓN GENERAL |
| campo de control de longitud fija |
100820s2007 ve a ob 000 0 spa d |
| 035 ## - NÚMERO DE CONTROL DEL SISTEMA |
| Número de control de sistema |
(OCoLC)ocn657168473 |
| 040 ## - FUENTE DE CATALOGACIÓN |
| Centro catalogador/agencia de origen |
OCLCE |
| Lengua de catalogación |
eng |
| Centro/agencia transcriptor |
OCLCE |
| Centro/agencia modificador |
OCLCA |
| -- |
OCLCQ |
| 020 ## - NÚMERO INTERNACIONAL ESTÁNDAR DEL LIBRO |
| ISBN cancelado o inválido |
9789802934485 |
| 020 ## - NÚMERO INTERNACIONAL ESTÁNDAR DEL LIBRO |
| ISBN cancelado o inválido |
9802934488 |
| 035 ## - NÚMERO DE CONTROL DEL SISTEMA |
| Número de control de sistema |
(OCoLC)657168473 |
| 043 ## - CÓDIGO DE ÁREA GEOGRÁFICA |
| Código de área geográfica |
s-ve--- |
| 049 ## - FONDOS LOCALES (OCLC) |
| Biblioteca depositaria |
GRAL |
| 050 14 - SIGNATURA TOPOGRÁFICA DE LA BIBLIOTECA DEL CONGRESO |
| Número de clasificación |
PN 5102 |
| Número de ítem |
B749a 2007 |
| 100 1# - ENTRADA PRINCIPAL--NOMBRE DE PERSONA |
| Nombre de persona |
Botía, Alejandro, |
| Fechas asociadas al nombre |
1972- |
| 245 10 - MENCIÓN DEL TÍTULO |
| Título |
Auge y crisis del cuarto poder |
| Resto del título |
la prensa en democracia / |
| Mención de responsabilidad, etc. |
Alejandro Botía. |
| 260 ## - PUBLICACIÓN, DISTRIBUCIÓN, ETC. |
| Lugar de publicación, distribución, etc. |
[Caracas] : |
| Nombre del editor, distribuidor, etc. |
Debate, |
| Fecha de publicación, distribución, etc. |
2007. |
| 300 ## - DESCRIPCIÓN FÍSICA |
| Extensión |
1 online resource (327 p.) : |
| Otras características físicas |
ill. |
| 490 1# - MENCIÓN DE SERIE |
| Mención de serie |
Colección Actualidad |
| 504 ## - NOTA DE BIBLIOGRAFÍA, ETC. |
| Nota de bibliografía, etc. |
Includes bibliographical references (p. 315-323). |
| 588 ## - NOTA DE FUENTE DE LA DESCRIPCIÓN |
| Nota de fuente de la descripción |
Description based on print version record. |
| 650 #0 - PUNTO DE ACCESO ADICIONAL DE MATERIA--TÉRMINO DE MATERIA |
| Término de materia o nombre geográfico como elemento de entrada |
Journalism |
| Subdivisión geográfica |
Venezuela |
| Subdivisión general |
History |
| Subdivisión cronológica |
20th century. |
| 650 #0 - PUNTO DE ACCESO ADICIONAL DE MATERIA--TÉRMINO DE MATERIA |
| Término de materia o nombre geográfico como elemento de entrada |
Press and politics |
| Subdivisión geográfica |
Venezuela. |
| 650 #4 - PUNTO DE ACCESO ADICIONAL DE MATERIA--TÉRMINO DE MATERIA |
| Término de materia o nombre geográfico como elemento de entrada |
Periodismo |
| Subdivisión geográfica |
Venezuela |
| Subdivisión general |
Historia |
| Subdivisión cronológica |
Siglo 20. |
| 650 #4 - PUNTO DE ACCESO ADICIONAL DE MATERIA--TÉRMINO DE MATERIA |
| Término de materia o nombre geográfico como elemento de entrada |
Prensa y política |
| Subdivisión geográfica |
Venezuela. |
| 776 08 - ENTRADA DE FORMULARIO FÍSICO ADICIONAL |
| Información de relación |
Print version: |
| Encabezamiento principal |
Botía, Alejandro, 1972- |
| Título |
Auge y crisis del cuarto poder. |
| Edición |
1. ed. |
| Lugar, editor y fecha de publicación |
[Caracas] : Debate, 2007 |
| Número de control del registro |
(DLC) 2008445365 |
| -- |
(OCoLC)213416729 |
| 830 #0 - PUNTO DE ACCESO ADICIONAL DE SERIE-TÍTULO UNIFORME |
| Título uniforme |
Coleccion Actualidad (Editorial Debate) |
| 856 40 - LOCALIZACIÓN Y ACCESO ELECTRÓNICOS |
| Materiales especificados |
Google |
| Identificador Uniforme de Recursos |
<a href="http://books.google.com/books?id=3aIuAAAAYAAJ">http://books.google.com/books?id=3aIuAAAAYAAJ</a> |
| 942 ## - ELEMENTOS DE ENTRADA SECUNDARIOS (KOHA) |
| Fuente del sistema de clasificación o colocación |
Clasificación de Library of Congress |
| Tipo de ítem Koha |
|
| 946 ## - PROCESAMIENTO DE INFORMACIÓN LOCAL (OCLC) |
| a |
FHM |
| 994 ## - |
| -- |
C0 |
| -- |
DRFGD |